| 000 | 00000nam##2200000za#4500 |
| 001 | 9.577603 |
| 003 | CaOODSP |
| 005 | 20210624185705 |
| 007 | cr ||||||||||| |
| 008 | 150406|2007||||xxc|||||o f|0| 0 eng|d |
| 040 | |aCaOODSP|beng |
| 043 | |an-cn--- |
| 086 | 1 |aTU3-8/07-0014E-PDF |
| 110 | 2 |aTransportation Safety Board of Canada. |
| 245 | 10|aCrude oil pipeline rupture - Enbridge Pipelines Inc. Line 3, Mile Post 506.2217 near Glenavon, Saskatchewan, 15 April 2007 |h[electronic resource] |
| 260 | |bTransportation Safety Board of Canada |c[2008]. |
| 300 | |a9p.|bmap |
| 490 | 1 |aPipeline investigation report |vP07H0014 |
| 590 | |a13-22-Supp|b2013-09-26 |
| 775 | 08|tRupture d'une conduite de pétrole brut - Enbridge Pipelines Inc. conduite 3, borne de 506,2217 milles, près de Glenavon, en Saskatchewan 15 avril 2007 |w(CaOODSP)9.606163 |
| 830 | #0|aPipeline investigation report ;|vP07H0014|w(CaOODSP)9.505671 |
| 856 | 40|ahttp://publications.gc.ca|qPDF|s361 KB|uhttps://publications.gc.ca/collections/collection_2013/bst-tsb/TU3-8-07-0014-eng.pdf|yP07H0014 |